000 01738nam a2200361 c 4500
003 BLK
005 20180420213312.0
008 180412b bul|||||r ||||||| ||bul||
010 _aKNG00001803000
020 _a954-01-0040-2
_bиздат.: Просвета
040 _aBLK
041 _aBUL
_cBUL
080 _aОснови на математиката в основното образование
_b372.47
_x(075.2)
_z372.47(075.2)
100 1 _aРадев, Ради Маринов
_eпърви автор
_9243459
700 1 _aМихайлов, Величко Филипов
_eсъавт.
_9243460
700 1 _aИгнатова, Мария Проданова
_eсъавт.
_9243461
139 _aРадев, Ради Маринов и др.
_bР 12
245 1 0 _aМатематика
_bЗа II кл. на СОУ
_cРади Маринов Радев; съавт. Величко Филипов Михайлов; съавт. Мария Проданова Игнатова.
257 _aBGR
260 София
_bПросвета
_c1991
300 _a144 с.
_bс цв. ил.
_c24 см
380 _a3
500 _aАвт. не са отбелязани на кор. ; Пълното име на третата авт. е Мария Проданова Иванова-Игнатова. - 130 090 тир., доп. тир. 1992, 1993, 1995.
650 4 _aМатематика - учебници за основни училища
_9243462
653 _aматематика
653 _aІІ кл.
653 _aучебници за основни училища
852 _aЦб 167052
856 4 _qpdf
_u
856 4 _qpdf
_u
942 _cKNG
_n0
944 _aCR
_c15.01.2003
_lф /
_kAB_DOS
944 _aED
_c24.08.2015
_lф /
_kЛюдмила_Стоянова
999 _c1041
_d1041